Estadísticas para 15 principales países afectados por Covid19 - 16 de mayo

Haz click aquí para intentar la prueba.

Estadísticas generales

  • Esta prueba ha sido intentada 3 veces
  • La puntuación promedio es 15 de 24

Estadísticas de respuestas

país% Correcto
Brasil
100%
Canadá
100%
China
100%
España
100%
Estados Unidos
100%
Francia
100%
Alemania
67%
Bélgica
67%
Irlanda
67%
Italia
67%
Perú
67%
Portugal
67%
Reino Unido
67%
Rusia
67%
Suiza
67%
Baréin
33%
Catar
33%
India
33%
Irán
33%
Kuwait
33%
Singapur
33%
Suecia
33%
Turquía
33%
Bielorrusia
0%

Distribución de puntuación

Porcentaje por número respondido

Porcentaje de gente con cada puntuación

Historial de tus puntuaciones

No has intentado esta prueba.